[Event "28th WSCC Open 65 2018"]
[Site "Bled"]
[Date "2018.11.25"]
[Round "7"]
[White "Lederman, Leon"]
[Black "Lisenko, Alexander V"]
[Result "1/2-1/2"]
[WhiteElo "2255"]
[BlackElo "2334"]
[Annotator "NA"]
[PlyCount "86"]
[EventDate "2018.11.17"]
[EventType "swiss"]
[EventCountry "SLO"]
[SourceTitle "playchess.com"]
[Source "ChessBase"]
[SourceQuality "1"]
[TimeControl "40/5400+30:1800+30"]

1. e4 c5 2. Nf3 Nc6 3. d4 cxd4 4. Nxd4 Nf6 5. Nc3 d6 6. Bc4 e6 7. Be3 a6 8. Qe2 Qc7 9. Bb3 Na5 10. O-O-O b5 11. f3 Be7 12. g4 Nxb3+ 13. axb3 Bb7 14. g5 Nd7 15. h4 b4 {B89: Sicilian: Velimirovic Attack} 16. Nb1 Nc5 17. Nd2 a5 $146 ({Predecessor:} 17... g6 18. h5 O-O-O 19. Qh2 e5 20. Ne2 d5 21. hxg6 fxg6 22. exd5 Bxd5 23. Kb1 {1-0 (36) Salceanu,V (2536)-Gebuhr,G (2228) ICCF corr 1976}) 18. Nb5 Qc6 19. Nc4 O-O 20. Nbxd6 Ba6 21. Qh2 a4 22. Bxc5 Qxc5 23. Qe5 Qxe5 24. Nxe5 axb3 25. Nc6 Bxd6 26. Rxd6 Be2 27. Kd2 Bxf3 28. Re1 bxc2 29. Kxc2 f5 30. gxf6 Rxf6 31. Kb3 Rf4 32. Rxe6 Rxh4 33. Kxb4 Rh2 34. b3 Re2 35. Rxe2 Bxe2 36. Nd4 Bf1 37. Re7 Bg2 38. Nf5 g6 39. Nh6+ Kf8 $11 40. Rf7+ Ke8 41. e5 Rb8+ 42. Kc5 Rxb3 43. Rxh7 Rb7 1/2-1/2

[Event "28th WSCC Open 65 2018"]
[Site "Bled"]
[Date "2018.11.25"]
[Round "7"]
[White "Baum, Bernd"]
[Black "Pritchett, Craig W"]
[Result "0-1"]
[WhiteElo "2252"]
[BlackElo "2286"]
[Annotator "NA"]
[PlyCount "102"]
[EventDate "2018.11.17"]
[EventType "swiss"]
[EventCountry "SLO"]
[SourceTitle "playchess.com"]
[Source "ChessBase"]
[SourceQuality "1"]
[TimeControl "40/5400+30:1800+30"]

1. d4 Nf6 2. Nf3 e6 3. Bg5 b6 4. e3 h6 5. Bh4 c5 6. Nbd2 Be7 7. c3 Nc6 8. Bd3 Bb7 9. O-O cxd4 10. cxd4 O-O 11. a3 Nd5 {A46: 1 d4 Nf6 2 Nf3 e6: Torre, London and Colle Systems} (11... Rc8 12. Qe2 Nh5 13. Bxe7 Qxe7 14. Rac1 Nf6 15. Rc2 Nb8 16. Rfc1 Rxc2 17. Rxc2 Rc8 18. Rxc8+ Bxc8 19. e4 {1-0 (58) Carlsen,M (2837)-Korobov,A (2652) Riadh 2017}) 12. Bxe7 Qxe7 13. Rc1 $146 ({Predecessor:} 13. Qa4 Rfc8 14. Rfc1 Rc7 15. Rc2 Rac8 16. Rac1 a6 17. Bf1 b5 18. Qb3 d6 19. Qd3 {½-½ (28) Malaniuk,V (2510)-Suba,M (2520) Copenhagen 1991}) 13... a6 14. Qe2 b5 15. Nb3 d6 16. Rc2 Rfc8 17. Rfc1 Qd8 18. Qd2 Qb6 19. e4 Nf6 20. e5 dxe5 21. dxe5 Nd7 22. Bh7+ Kxh7 23. Qxd7 Rc7 24. Qd3+ Kg8 25. Nc5 Rd8 26. Qe2 Ne7 27. Nxb7 Rxc2 28. Rxc2 Qxb7 29. h4 Rc8 30. Rxc8+ Qxc8 31. Qd2 Nd5 32. Kh2 Qc4 33. Qd4 Qxd4 34. Nxd4 Nf4 35. b4 Nd3 36. Nc6 Nxf2 37. Nb8 Ng4+ 38. Kg3 Nxe5 39. Nxa6 Nc4 40. Kf4 Nxa3 41. Ke4 f5+ (41... Kf8 $19 {has better winning chances.} 42. Kd4 Ke7) 42. Ke5 Kf7 43. Nc7 Nc4+ 44. Kf4 $2 (44. Kd4 $1 $15) 44... g6 45. Nxb5 e5+ 46. Kg3 Ke6 47. Nc3 Kd6 48. Kf3 h5 49. g3 Kc6 50. Ke2 Nb6 51. Kd2 Nd5 $19 0-1

[Event "28th WSCC Open 65 2018"]
[Site "Bled"]
[Date "2018.11.25"]
[Round "7"]
[White "Kierzek, Matthias"]
[Black "Tunik, Gennady"]
[Result "0-1"]
[WhiteElo "2182"]
[BlackElo "2365"]
[Annotator "NA"]
[PlyCount "78"]
[EventDate "2018.11.17"]
[EventType "swiss"]
[EventCountry "SLO"]
[SourceTitle "playchess.com"]
[Source "ChessBase"]
[SourceQuality "1"]
[TimeControl "40/5400+30:1800+30"]

1. d4 Nf6 2. c4 e6 3. Nf3 b6 4. g3 Bb7 5. Bg2 c5 6. d5 exd5 7. cxd5 Bxd5 8. Nc3 Bc6 9. e4 d6 10. O-O Be7 11. Nh4 g6 12. Bh6 Bf8 13. Bxf8 Kxf8 14. Qd2 Kg7 15. Rad1 Re8 16. Rfe1 Ng4 17. Qxd6 Qxd6 18. Rxd6 Ne5 19. b3 f6 20. Rdd1 Nf7 21. Nd5 Bxd5 22. exd5 Nd7 23. Re6 Rad8 24. f4 f5 25. Nf3 Nf6 26. Rxe8 Rxe8 27. Ng5 Nd6 28. Ne6+ Kf7 29. h4 Nh5 30. Kf2 h6 31. Bf3 Ng7 32. h5 Nxh5 33. Bxh5 gxh5 34. Rh1 Ne4+ 35. Kf3 Nf6 36. Rd1 Ne4 37. Rh1 Kg6 38. Rxh5 Rxe6 39. dxe6 Kxh5 0-1

[Event "28th WSCC Open 65 2018"]
[Site "Bled"]
[Date "2018.11.25"]
[Round "7"]
[White "Wahlbom, Magnus"]
[Black "Berkovich, Mark A"]
[Result "1/2-1/2"]
[WhiteElo "2173"]
[BlackElo "2339"]
[Annotator "NA"]
[PlyCount "62"]
[EventDate "2018.11.17"]
[EventType "swiss"]
[EventCountry "SLO"]
[SourceTitle "playchess.com"]
[Source "ChessBase"]
[SourceQuality "1"]
[TimeControl "40/5400+30:1800+30"]

1. e4 c6 2. d4 d5 3. e5 c5 4. dxc5 Nc6 5. Bb5 e6 6. c3 Bxc5 7. Qe2 Nge7 8. Nf3 O-O 9. O-O Ng6 10. Nbd2 f6 11. Nb3 Bb6 12. exf6 Qxf6 13. Bg5 Nf4 14. Bxf6 Nxe2+ 15. Bxe2 gxf6 16. c4 dxc4 17. Bxc4 Kg7 18. Rad1 e5 19. h3 Rd8 20. Rxd8 Bxd8 21. Nc5 Bb6 22. Ne6+ Bxe6 23. Bxe6 Rd8 24. Re1 Nd4 25. Nxd4 Rxd4 26. Re2 h5 27. g4 hxg4 28. hxg4 Kh6 29. Kg2 Kg5 30. Bf5 Rd1 31. Kf3 Rd8 1/2-1/2

[Event "28th WSCC Open 65 2018"]
[Site "Bled"]
[Date "2018.11.26"]
[Round "8"]
[White "Balashov, Yuri S"]
[Black "Vaisser, Anatoli"]
[Result "1-0"]
[WhiteElo "2445"]
[BlackElo "2504"]
[Annotator "TA"]
[PlyCount "113"]
[EventDate "2018.11.17"]
[EventType "swiss"]
[EventCountry "SLO"]
[SourceTitle "playchess.com"]
[Source "ChessBase"]
[SourceQuality "1"]

{[%evp 15,113,19,30,12,17,0,0,-7,-4,-25,-21,-37,-33,-44,0,0,0,0,0,-28,-9,-10,-10,-38,-38,-49,0,0,-7,-41,0,0,0,-67,-73,-59,125,102,100,102,188,153,152,152,130,129,248,169,157,165,222,171,187,189,252,255,270,280,283,284,483,312,327,254,277,277,277,264,242,233,270,252,704,690,700,699,677,691,678,645,641,637,637,654,795,810,792,789,718,664,1066,1010,1008,966,1765,1639,2304,2179,1650,1566]} 1. d4 f5 2. g3 Nf6 3. Bg2 e6 4. Nf3 d5 5. O-O Bd6 6. c4 O-O 7. b3 b6 8. Nc3 c6 {LiveBook: 8 Games} 9. Ne5 {A90: Dutch Defence: Miscellaneous and Modern Stonewall (with ...Bd6)} (9. Bf4 Bb7 10. Rc1 Bxf4 11. gxf4 Nbd7 12. Qc2 Kh8 13. cxd5 exd5 14. Qxf5 Ne4 15. Qg4 Ndf6 16. Qh4 Qd6 {1-0 (54) Pustovoitova,D (2387)-Charochkina,D (2321) Sochi 2017}) 9... Bb7 10. cxd5 $146 ({Predecessor:} 10. Nd3 Nbd7 11. Bf4 Bxf4 12. Nxf4 Qe7 13. Rc1 e5 14. dxe5 Qxe5 15. cxd5 cxd5 16. Ncxd5 Rad8 {0-1 (29) Miroshnichenko,G (1920)-Molokanov,A (1964) Krasnoyarsk 2016}) 10... exd5 11. Qc2 {The position is equal.} Qe7 12. Bf4 Nh5 13. Rad1 Nxf4 14. gxf4 Qh4 15. e3 Na6 16. Ne2 Rac8 17. Ng3 g6 18. Qb2 Qe7 19. Rfe1 (19. Kh1 {looks sharper.} Ba3 20. Qa1 Nb8 21. Rg1 Nd7 22. Bf3) 19... Nc7 (19... Ba3 {seems wilder.} 20. Qb1 Nb8 21. Kh1 Nd7 22. Rg1 Kh8) 20. Re2 Bxe5 21. dxe5 Ne6 22. Ree1 g5 (22... d4 $5) 23. fxg5 f4 $1 {[%cal Rf4g3]} 24. Nh5 (24. exf4 $11 Nxf4 25. Bf1) 24... Qxg5 $15 25. Nxf4 Nxf4 $2 (25... Rxf4 $15 {keeps the upper hand.} 26. exf4 Nxf4) 26. exf4 $16 Rxf4 {[#]} 27. Rd3 $1 {[%cal Rd3g3] And now Rg3 would win.} Rg4 (27... Kh8 $16 {was worth a try.}) 28. Rg3 $18 Rxg3 29. hxg3 Re8 30. b4 {[%cal Bb3b4,Bb4b5][%mdl 32]} h5 (30... Qf5 $16) 31. Re3 Qg4 32. Bf3 Qg5 (32... Qf5 $142 33. Qe2 Qe6) 33. Qd4 Kg7 34. Be2 Bc8 (34... Kg8 $142 35. e6 Bc8) 35. b5 c5 36. Qxd5 Be6 37. Qc6 Bf7 $2 (37... Re7 38. Qd6 Re8) 38. f4 Qg6 39. Qxg6+ Bxg6 {[%mdl 4096] Endgame KRB-KRB} 40. Ra3 Re7 41. Kf2 Kh6 42. Ke3 Bf5 43. Bd3 Kg6 $2 (43... Rg7) 44. Be4 {White is clearly winning.} c4 45. Rc3 Rc7 46. a4 Rc8 47. Bd5 Rd8 48. Bxc4 Rc8 49. Kd2 Rd8+ 50. Bd3 Bxd3 51. Rxd3 {KR-KR} Rg8 52. Rd6+ Kf5 53. Rf6+ Kg4 54. f5 {[#] aiming for Rg6+.} Re8 55. e6 Kxg3 56. Ke3 Kg4 57. Ke4 {Accuracy: White = 70%, Black = 41%.} 1-0

[Event "28th WSCC Open 65 2018"]
[Site "Bled"]
[Date "2018.11.26"]
[Round "8"]
[White "Jansa, Vlastimil"]
[Black "Rashkovsky, Nukhim N"]
[Result "1/2-1/2"]
[WhiteElo "2437"]
[BlackElo "2482"]
[Annotator "TA"]
[PlyCount "46"]
[EventDate "2018.11.17"]
[EventType "swiss"]
[EventCountry "SLO"]
[SourceTitle "playchess.com"]
[Source "ChessBase"]
[SourceQuality "1"]

{[%evp 18,46,0,10,19,0,8,21,13,16,14,6,10,0,0,0,9,0,0,0,0,0,0,0,-6,16,45,39,35,23,57]} 1. e4 c5 2. Nf3 d6 3. d4 cxd4 4. Nxd4 Nf6 5. Nc3 a6 6. Be2 e5 7. Nb3 Be7 8. O-O O-O 9. Kh1 b6 10. Bg5 {[%cal Bc1g5,Bg5h4,Bh4f2][%mdl 32]} Nbd7 {B92: Sicilian Najdorf: 6 Be2} 11. Nd5 (11. a4 Bb7 12. f3 d5 13. exd5 Nxd5 14. Bxe7 Nxe7 15. Qd6 Nf5 16. Qd3 g6 17. Ne4 Bc6 18. Nd6 Nxd6 19. Qxd6 {½-½ (45) Alekseenko,K (2483)-Ganguly,S (2613) St Petersburg 2014}) 11... Bb7 {[#] ...Nxd5 is the strong threat.} 12. Nxe7+ Qxe7 {The position is equal.} 13. f3 h6 14. Bh4 g5 15. Bf2 d5 16. exd5 Nxd5 17. Re1 Rfd8 18. Bf1 $146 ({Predecessor:} 18. Qd3) 18... Nf4 19. Qc1 Rac8 20. c3 a5 21. Qc2 Qf6 22. Rad1 h5 23. Nd2 Nc5 {Accuracy: White = 79%, Black = 76%.} 1/2-1/2

[Event "28th WSCC Open 65 2018"]
[Site "Bled"]
[Date "2018.11.26"]
[Round "8"]
[White "Tunik, Gennady"]
[Black "Werner, Clemens"]
[Result "1/2-1/2"]
[WhiteElo "2365"]
[BlackElo "2266"]
[Annotator "TA"]
[PlyCount "70"]
[EventDate "2018.11.17"]
[EventType "swiss"]
[EventCountry "SLO"]
[SourceTitle "playchess.com"]
[Source "ChessBase"]
[SourceQuality "1"]

{[%evp 33,70,0,0,0,-14,-18,41,39,41,-19,0,0,42,34,141,68,58,37,61,0,6,32,16,0,0,0,5,5,10,0,0,0,16,0,0,0,0,-29,0]} 1. d4 Nf6 2. c4 d6 3. Nf3 g6 4. Nc3 Bg7 5. e4 O-O 6. Be2 e5 7. Be3 exd4 8. Nxd4 Re8 9. f3 c6 10. Bf2 d5 11. exd5 cxd5 12. O-O Nc6 13. c5 Nh5 14. Qd2 Be5 15. g3 Ng7 16. Rfe1 {E92: King's Indian: Classical: 6 Be2 e5: 7 dxe5, 7 Be3 and Petrosian System without 7...Nbd7} Nf5 17. Nxf5 Bxf5 {LiveBook: 3 Games} 18. Rad1 {The position is equal.} d4 {[#]} 19. Nb5 $146 ({Predecessor:} 19. Ne4 Bxe4 20. fxe4 Qe7 21. b4 Bg7 22. Bc4 a5 23. a3 axb4 24. axb4 Ne5 25. Qe2 Ra3 26. Kg2 Nxc4 27. Qxc4 Rc3 28. Qe2 Rb3 29. Qc4 Rc3 30. Qe2 Ra3 {½-½ (30) Romanov,E (2594)-Yevseev,D (2520) Voronezh 2010}) 19... Qe7 ({Black should play} 19... Qd5 $11) 20. f4 $14 a6 $1 {[%cal Ra6b5]} 21. Na3 (21. Nxd4 $14 Bxd4 22. Bxd4) 21... Bc7 22. b4 $1 Qf8 23. Bf3 (23. Bxd4 Rad8 $17) 23... h5 (23... d3 $14) 24. Nc4 (24. Nc2 $16) 24... Bg4 25. Bxg4 hxg4 26. f5 ({Avoid the trap} 26. Bxd4 $2 Rad8 $19) (26. a4 $14) 26... Rxe1+ $11 27. Rxe1 {And now Re4 would win.} Re8 28. Rxe8 Qxe8 29. fxg6 fxg6 30. Qd3 Kh7 31. a3 ({Don't blunder} 31. Bxd4 $2 Qd8 $19) 31... Qe6 32. Nd2 ({Don't play} 32. Bxd4 Qd5 $19) 32... Qf5 33. Qe4 Qxe4 34. Nxe4 Kg7 35. a4 Nxb4 {Accuracy: White = 24%, Black = 56%.} 1/2-1/2

[Event "28th WSCC Open 65 2018"]
[Site "Bled"]
[Date "2018.11.26"]
[Round "8"]
[White "Renman, Nils-Gustaf"]
[Black "Barle, Janez"]
[Result "1/2-1/2"]
[WhiteElo "2351"]
[BlackElo "2259"]
[Annotator "TA"]
[PlyCount "75"]
[EventDate "2018.11.17"]
[EventType "swiss"]
[EventCountry "SLO"]
[SourceTitle "playchess.com"]
[Source "ChessBase"]
[SourceQuality "1"]

{[%evp 9,75,36,37,28,25,23,38,29,39,29,28,33,33,28,26,34,30,31,36,39,56,57,56,57,54,45,52,27,27,29,33,37,41,36,41,33,30,21,21,13,18,14,49,24,24,24,24,0,25,0,44,24,31,7,7,10,35,30,34,14,24,24,24,0,5,0,28,0]} 1. d4 Nc6 2. Nf3 d5 3. e3 Bg4 4. Be2 e6 5. h3 (5. b3 Bb4+ 6. c3 Bd6 7. Bb2 Nce7 8. Nbd2 Nf6 9. c4 c6 10. Qc2 Ne4 11. c5 Bc7 12. Nxe4 dxe4 13. Qxe4 {1-0 (40) Iturrizaga Bonelli,E (2650)-Rapport,R (2752) Monzon 2016}) 5... Bh5 6. b3 {D02: 1 d4 d5 2 Nf3 sidelines, including 2...Nf6 3 g3 and 2...Nf6 3 Bf4} Nf6 7. O-O Be7 8. c4 {White is slightly better.} Ne4 $146 ({Predecessor:} 8... O-O 9. Bb2 Nb8 10. Nbd2 Nbd7 11. Rc1 c6 12. g4 {½-½ (31) Lamprecht,F (2360)-Hebbinghaus,H Germany 1995}) 9. Bb2 O-O 10. Nc3 Ba3 11. Qc1 Nxc3 12. Qxc3 Bxb2 13. Qxb2 a5 14. a3 Qe7 15. cxd5 exd5 16. Rfc1 Qd6 17. Qc3 Rfc8 18. Qc5 Qxc5 19. Rxc5 Ne7 $1 20. g4 Bg6 21. Rac1 c6 22. Ne5 Rd8 23. Kg2 f6 24. Nxg6 hxg6 25. h4 Kf7 26. Rh1 Rh8 27. Bd3 f5 28. Kg3 Ke6 29. Rcc1 Raf8 30. f3 Rf7 31. b4 axb4 32. axb4 Ra8 33. Ra1 Raf8 34. Rhf1 Kd6 35. Kg2 Rh8 36. Kg3 Rhf8 37. Kg2 Rh8 38. Kg3 {Accuracy: White = 49%, Black = 67%.} 1/2-1/2

[Event "28th WSCC Open 65 2018"]
[Site "Bled"]
[Date "2018.11.26"]
[Round "8"]
[White "Lisenko, Alexander V"]
[Black "Herbrechtsmeier, Christof"]
[Result "1/2-1/2"]
[WhiteElo "2334"]
[BlackElo "2247"]
[Annotator "TA"]
[PlyCount "111"]
[EventDate "2018.11.17"]
[EventType "swiss"]
[EventCountry "SLO"]
[SourceTitle "playchess.com"]
[Source "ChessBase"]
[SourceQuality "1"]

{[%evp 15,111,12,18,-17,-1,-7,0,-25,0,0,9,0,0,0,7,10,11,10,4,0,6,0,18,16,18,0,0,0,0,0,8,0,0,0,0,0,0,0,0,-23,-31,-25,-2,-14,0,0,0,0,0,0,-11,-5,-3,-10,0,-67,-45,-84,-12,-10,0,-50,-44,-50,-50,-39,-36,-50,-50,-50,-50,-78,-81,-72,-50,-50,-19,-19,-19,-19,-19,-19,-19,-36,-36,-36,-36,-36,-36,-36,-36,-36,-36,-36,-36,-36,-36,-36]} 1. c4 Nf6 2. g3 g6 3. Bg2 d5 4. cxd5 Nxd5 5. Nc3 Nxc3 6. bxc3 Bg7 7. Rb1 Nd7 8. c4 O-O {LiveBook: 9 Games. A16: English Opening: 1...Nf6 with ...d5} 9. Bb2 (9. Nf3 c5 10. O-O Rb8 11. d3 b6 12. Bb2 Bxb2 13. Rxb2 Bb7 14. Qd2 Qc7 15. Qf4 Qxf4 16. gxf4 Bxf3 17. Bxf3 Rfc8 18. Kg2 {1-0 (49) Seirawan,Y (2643)-Robson,R (2614) Saint Louis 2012}) 9... e5 10. d3 Qe7 $146 {The position is equal.} ({Predecessor:} 10... Re8 11. Nf3 Nc5 12. Ba3 Bf8 13. O-O e4 14. dxe4 Qxd1 15. Rfxd1 Nxe4 16. Bxf8 Kxf8 {1-0 (33) Czech,L (2160)-Schnegelsberg,K Baunatal 1998}) 11. Qb3 Re8 12. Ba3 Qf6 13. e3 Bf8 14. Ne2 Bxa3 15. Qxa3 Qe7 16. Qxe7 Rxe7 17. Nc3 {[#] Strongly threatening Nd5.} c6 $1 18. Na4 Nb6 19. Nc5 Nd7 20. Na4 ({Don't play} 20. Nxb7 Rb8 $17) 20... Nb6 21. Nc3 Nd7 22. O-O Nf6 23. Rb3 Bf5 24. e4 Be6 25. f4 exf4 26. gxf4 Rd8 27. e5 Ne8 28. Ne4 b6 29. Nf2 c5 30. a4 Rd4 31. a5 Rxf4 32. axb6 axb6 33. Rxb6 Bf5 34. Re1 Nc7 35. Rc6 ({Better is} 35. Rb7 $11) 35... Ne6 $15 36. Bd5 {[#]} Ra7 ({Black should try} 36... Nd4 $1 $17 {[%cal Rd4c6]} 37. Rxc5 Ra7) 37. Bxe6 $1 $11 fxe6 38. Rxc5 Ra2 39. Rf1 Kg7 {[%mdl 1024] Black has compensation.} 40. Rc7+ Kh6 41. Rb7 Rf3 42. Rbb1 Rc2 43. Rbd1 Kg5 44. Ne4+ Bxe4 (44... Kf4 {feels hotter.} 45. Rxf3+ Kxf3 46. Ng5+ Ke2 47. Rf1 Kxd3 48. Nxh7 Rxc4 49. Nf6 Ke2) 45. dxe4 Rxf1+ (45... Kf4 {is interesting.} 46. Rxf3+ Kxf3 47. Rf1+ Kxe4 48. Rf7 Rxc4 49. Rxh7 Kxe5 50. h4 Ke4) 46. Rxf1 Rxc4 $17 {[%mdl 4096] Endgame KR-KR} 47. Rf6 Rxe4 48. Rxe6 Kf5 49. Rf6+ Kxe5 {Black is slightly better.} 50. Rf2 Rg4+ 51. Kh1 h5 {[%cal Bh7h5,Bh5h4][%mdl 32]} 52. h3 Rg3 53. Kh2 h4 54. Ra2 Rd3 55. Ra5+ Kf4 56. Ra4+ {Accuracy: White = 51%, Black = 76%.} 1/2-1/2

[Event "28th WSCC Open 65 2018"]
[Site "Bled"]
[Date "2018.11.26"]
[Round "8"]
[White "Kiefer, Gerhard"]
[Black "Lederman, Leon"]
[Result "0-1"]
[WhiteElo "2306"]
[BlackElo "2255"]
[Annotator "TA"]
[PlyCount "156"]
[EventDate "2018.11.17"]
[EventType "swiss"]
[EventCountry "SLO"]
[SourceTitle "playchess.com"]
[Source "ChessBase"]
[SourceQuality "1"]

{[%evp 16,156,63,66,57,43,43,-4,-10,-46,-8,-10,55,25,27,19,44,1,31,-25,-32,-11,0,0,187,83,107,81,71,0,0,0,0,-31,-31,-102,-76,-85,-14,-20,0,0,0,0,0,0,0,-185,-172,-185,-174,-159,-153,-156,-160,-160,-161,-160,-167,-159,-156,-198,-173,-145,-150,-252,-249,-422,-213,-501,-474,-743,-711,-669,-425,-374,-132,-132,-140,-106,-35,-153,-86,-88,-31,-42,-35,-34,-43,-89,-20,-259,-259,-243,-237,-225,-104,-93,-93,-115,-108,-149,-140,-186,-181,-185,-102,-302,-299,-295,-212,-202,-42,-50,-21,-124,-116,-36,-34,-108,-117,-122,-122,-209,-196,-319,-306,-309,-318,-487,-487,-475,-428,-768,-721,-1594,-447,-1370,-1500,-1406,-1039,-889,-651]} 1. e4 c5 2. Nf3 d6 3. d4 cxd4 4. Nxd4 Nf6 5. Nc3 a6 6. Bg5 e6 7. f4 Qb6 8. Qd3 Nbd7 {B97: Sicilian Najdorf: Poisoned Pawn} (8... Qxb2 9. Rb1 Qa3 10. f5 Qa5 11. Bxf6 gxf6 12. Be2 Nc6 13. fxe6 fxe6 14. Nxc6 bxc6 15. O-O Qe5 16. Kh1 {0-1 (44) Grischuk,A (2766)-Duda,J (2737) chess.com INT 2018}) 9. O-O-O {LiveBook: 3 Games} Qc7 10. Bxf6 $146 ({Predecessor:} 10. Qf3 b5 11. e5 Bb7 12. Qh3 dxe5 13. Nxe6 fxe6 14. Qxe6+ Be7 15. Bxf6 gxf6 16. Bxb5 O-O-O 17. Qxe7 axb5 18. Nxb5 Qc5 19. Nd6+ Kb8 20. Rd3 Rhe8 21. Qf7 Rf8 22. Qxh7 Bxg2 {1-0 (38) Ozveren,A (1993)-Ilaldaev,R Kocaeli 2014}) 10... Nxf6 {White is slightly better.} 11. Qg3 b5 12. a3 Bb7 13. Bd3 Rd8 (13... g6 $11) 14. Rhe1 g6 15. f5 e5 16. Nf3 Bg7 17. fxg6 (17. Qh4 $14) 17... hxg6 18. Kb1 Qc5 19. Ng5 {White wants to play Ne6!} b4 $2 {[#]} (19... Rd7 $11) 20. axb4 (20. Ne6 $1 $18 {[%cal Re6c5][%mdl 512] and White stays clearly on top.} Qc8 (20... fxe6 21. Qxg6+) 21. Nxd8 (21. Nxg7+ Kf8 $16) 21... bxc3 22. Nxb7 Qxb7 23. b3) 20... Qxb4 $16 {[#]} 21. Ne6 $1 {[%mdl 512]} Nh5 ({Don't go for} 21... fxe6 $2 22. Qxg6+ Kd7 23. Qxg7+ Kc8 24. Qxf6 $18) 22. Nxg7+ (22. Qh3 $1 $16 Rb8 23. Nxg7+ (23. Na2 Qb6 $14) 23... Kf8 24. Nxh5) 22... Nxg7 $11 23. Rf1 O-O 24. Rde1 Rb8 25. Nd1 (25. Na2 $15 Qc5 26. Qf2) 25... Bc8 26. Re3 Be6 (26... Nh5 $1 $17 {[%cal Rh5g3]} 27. Qe1 Qa4) 27. Qh4 $1 {next g4 is good for White.} Nf5 28. Rxf5 $1 Bxf5 {[%mdl 64] Pin} 29. c3 $1 {[%cal Rc3b4]} Qb3 (29... Qa4 $5 30. Bc2 $8 Qc4 $11) 30. Bc2 Qc4 31. g4 $2 (31. Bd3 $1 $11 {and White has nothing to worry.} Qa4 32. Bc2) 31... Be6 $19 32. Rh3 {[%csl Gh3][%cal Rh4h8]} Kg7 $1 {[%cal Bg8g7,Bg7f6,Bf6e7,Be7d7][%mdl 32]} 33. Qh6+ Kf6 34. Qh4+ g5 35. Rf3+ Ke7 36. Qxg5+ Kd7 37. h3 a5 $36 {[%mdl 2048] Black has strong initiative.} 38. Qe3 Rb7 39. Kc1 Rfb8 40. Qd3 (40. Kd2 $17) 40... Qa2 $1 41. Bb1 $2 (41. Qe3) 41... Qa4 (41... Qa1 $142 {[%cal Rb7b2] Hoping for ...Rxb2.} 42. Kd2 Rxb2+ 43. Nxb2 Rxb2+ 44. Bc2 Qb1) 42. Rf2 $2 (42. Bc2 Qa2 43. Rf6) 42... Bc4 43. Qf3 (43. Qc2 $142 Qa1 44. Rf6) 43... Qa1 44. Rd2 Ba2 {[%csl Ga2][%cal Ra1b1]} 45. Qd3 Qxb1+ $2 (45... Rb6 $19 46. Re2 Rc8) 46. Qxb1 $17 Bxb1 47. Kxb1 $19 {[%mdl 4096] Endgame KRR-KRN} Rh8 (47... Rc7 $17 48. Kc2 Rh8) 48. Rd3 ({White has to play} 48. Rh2 $1 $15) 48... Rh6 (48... Rc7 $142 49. Kc2 Rc4) 49. Rf3 $17 Ke6 ({Better is} 49... Rb8 $17 {aiming for ...Rbh8.} 50. Rxf7+ Ke6) 50. Ne3 $15 f6 51. Nf5 Rhh7 52. Rd3 Rhd7 (52... Rbd7 $1 $17 53. c4 Rd8) 53. h4 $2 (53. Ne3 $1 $11 {and White stays safe.}) 53... d5 $19 54. Re3 dxe4 {And now ...Rd2 would win.} 55. Kc2 Rb5 (55... Rd8 $19 56. Rxe4 Rdb8) 56. Rxe4 $17 Rbd5 {...Rd2+ is the strong threat.} 57. Re2 Kf7 58. h5 Rd1 59. Ne3 Rg1 60. c4 Ke6 (60... Rg3 $19 61. Rd2 Rc7) 61. Rf2 $2 {[#]} (61. Rh2 $17 {was forced.}) 61... Rg3 $1 $19 {[%cal Rg3e3]} 62. Re2 e4 63. h6 Ke5 $2 (63... Rd8 $19 {Threatens to win with ...Rc8.} 64. c5 Rg8) 64. Rh2 $1 $15 Rh7 65. Kd2 {[#]} (65. Rh5+ $11 {remains equal.} Ke6 66. Kd2) 65... Kf4 $1 $17 66. Nd5+ {[%mdl 64] Double Attack} Kg5 67. Rh5+ ({White should try} 67. c5 $1 $15) 67... Kg6 68. Nf4+ {[%mdl 64] Discovered Attack} Kf7 69. Rxa5 (69. Ke2 $17) 69... Rxh6 $19 {White must now prevent ...Rh2+.} 70. Ra7+ (70. Rh5 $142 Rxh5 71. gxh5) 70... Ke8 71. Nh5 Rxg4 72. Ng7+ (72. Ra5 {is a better defense.} e3+ {[%mdl 64] Discovered Attack} 73. Kxe3) 72... Kf8 {Black is clearly winning.} 73. Ne6+ Kg8 74. Kc3 (74. Ra1 $142) 74... Rh3+ 75. Kd4 Rd3+ 76. Kc5 e3 {[%cal Be4e3,Be3e2][%mdl 32]} 77. Ra1 e2 {Strongly threatening ...Rd1.} 78. Re1 Re4 {Accuracy: White = 38%, Black = 48%.} 0-1